000 00516nam a2200193Ia 4500
005 20250508163910.0
008 008 250505s9999 xx 000 0 eng d
020 _a81-7835-070-X
037 _aTextual
040 _aFEDL
_beng
_cFEDL
041 _aeng
_2eng
084 _a305.4, NAS
_qFEDL
100 _aNaseem Ahmad
245 0 _aLiberation of muslim women
260 _aDelhi, India
_bKalpaz Publications
_c2001
300 _a330p.
942 _cTEXL
_h305.4, NAS
999 _c1385853
_d1385853